Derecho penal económico : (Registro nro. 21846)
[ vista simple ]
| 000 -Cabecera | |
|---|---|
| Campo de control interno | 00858nam a2200265Ia 4500 |
| 005 - Fecha y hora del registro | |
| control field | 20260320113318.0 |
| 008 - Elementos de Longitud Fija | |
| fixed length control field | 260320s9999||||xx |||||||||||||| ||und|| |
| 020 ## - ISBN | |
| ISBN | 9786123226329 |
| 041 ## - Idioma | |
| Codigo Idioma | ESP |
| 082 ## - DEWEY y NOTACIÓN INTERNA | |
| Dewey | 344.83 |
| Notación Interna | F35 |
| 100 ## - AUTOR | |
| Autor denominación | Feijoo Sánchez, Bernardo José, |
| Término de relación | autor |
| 245 #0 - TÍTULO DE MATERIAL BIBLIOGRÁFICO | |
| Título | Derecho penal económico : |
| Título paralelo | estudios dogmáticos |
| 246 ## - TÍTULO TRADUCIDO | |
| Título | |
| Título paralelo | |
| Autor | |
| 250 ## - EDICIÓN | |
| Edición | Primera edición |
| 260 ## - CIUDAD, EDITORIAL, AÑO | |
| Ciudad | Lima : |
| Nombre de la Editorial | Instituto Pacífico, |
| Año | 2025 |
| 300 ## - DESCRIPCIÓN | |
| N° Páginas | 687 páginas : |
| Otros detalles | |
| Dimensiones | 25 cm. |
| Material Adicional | |
| 440 ## - MENCIÓN DE SERIE | |
| Título de la Serie | |
| Número de Serie | |
| Volumen de Serie | |
| 650 ## - TEMAS | |
| Temas | Ciencias Sociales |
| 653 ## - DESCRIPTORES | |
| Lenguajes no controlado | Derecho; Derecho penal; Derecho penal económico |
| 654 ## - PROGRAMAS | |
| Programa | |
| 700 ## - OTROS AUTORES | |
| Otros autores | |
| Títulos y otras palabras asociadas con el nombre | |
| 856 ## - URL - UBICACIÓN | |
| URI/URL: Enlace exacto del recurso | <a href="https://palestra-tirantonline-com.ucsp.lookproxy.com/base/per/general/searches?token_id=69136d917e6644000b0a6933">https://palestra-tirantonline-com.ucsp.lookproxy.com/base/per/general/searches?token_id=69136d917e6644000b0a6933</a> |
| Nota pública: Versión digital | <a href="Véase además: Base de datos Tirant Palestra">Véase además: Base de datos Tirant Palestra</a> |
| 942 ## - ELEMENTOS DE KOHA | |
| Tipo de documento | Libro |
| Nombre del creador | Justo Noguera |
| Código de catalogador | Tania Ramirez |
| Esquema de clasificación | Dewey Decimal Classification |
| Suppress in OPAC | |
| Codigo completo | Registro | Colección | Copia número | Disponibilidad | Tipo de préstamo | Biblioteca Actual | Procedencia (Biblioteca) | Ubicacón | Fecha Ingreso | Tipo de Adquisición | Observación | Date last seen | Total checkouts | Price effective from | Tipo de Item | Estado del Material | Fuente de Clasificación | Damaged status | Withdrawn status |
|---|---|---|---|---|---|---|---|---|---|---|---|---|---|---|---|---|---|---|---|
| 344.83 F35 | 1085939 | Universidad Católica San Pablo | 1 | Disponible | Disponible | Víctor Andrés Belaunde | Víctor Andrés Belaunde | Primer piso | 10/03/2026 | Suscripción | Derecho | 20/03/2026 | 20/03/2026 | Libro | Bueno | Dewey Decimal Classification |




